• 首页
  • 本馆介绍
  • 公告通知
  • 最新文献
  • 馆藏检索
  • 电子资源
  • 读者导购
  • 参考咨询
  • 我的图书馆
  • 登录
  • 详细信息显示
  • 放入我的书架
  • 预约/预借图书
  • 作者相关作品
  • 分类相关作品
  • 丛书相关作品
  • 出版社相关作品

书目信息

  • 表格格式
  • 工作单格式
  • 卡片格式
题名:
国外工业现代化概况
    
 
作者: ;三联书店 编辑
分册:  
出版信息: 北京   编者  1979
页数: 518页
开本: 20cm
丛书名:
单 册:
中图分类: T-11 , F4
科图分类:
主题词: 工业现代化--外国 , 工业经济 , 国际贸易
电子资源:
ISBN:
000 00656nam0 2200253 45
001 1552710176
005 20150122161554.35
010    @dCNY1.40
091    @aCN@b4002.283
100    @a19960117d1979 em y0chiy0121 ea
101 0  @achi
102    @aCN@b110000
105    @ay z 000yy
200 10 @a国外工业现代化概况@Aguo wai gong ye xian dai hua gai kuang@f三联书店编辑
210    @a北京@c编者@d1979
215    @a518页@d20cm
606    @a工业现代化@y外国
606 0  @a工业经济
606 0  @a国际贸易
690    @aT-11@v3
690    @aF4@v4
711 02 @a三联书店@Asan lian shu dian@4编辑
801  0 @aCN@bTSSF@c20150122
905    @aZUCC@dF4@eJY3
    
    国外工业现代化概况/三联书店编辑.-北京:编者,1979
    518页;20cm
    
    
    ISBN :CNY1.40
    
●
相关链接 在E读中查询图书 在五车中查询图书 在当当中查询图书 在豆瓣中查询图书


正题名:国外工业现代化概况     索取号:F4/JY3         预约/预借

序号 登录号 条形码 馆藏地/架位号 状态 备注
1 7848245   278482456   学院路分馆/ [索取号:F4/JY3] 在馆    
2 7848246   278482465   学院路分馆/ [索取号:F4/JY3] 在馆    
唐山师范学院图书馆 欢迎您!
大连网信软件有限公司© 版权所有